=LDR 00000nam 2200000 4500 =001 NUTBA000000000002992 =005 20140715101549.0 =006 =007 =008 =020 ##$$a 978-602-8769-09-9 =035 ##$$a 0010-071400000000180 =040 ##$$a NBPDMAT =082 ##$$a 726.109 598 =090 ##$$a 726.109 598 $b Ari c =100 ##$$a Arief Hidayatullah =245 ##$$a Candi candi di Indonesia / $c Arief Hidayatullah ; editor, Aryo =260 ##$$a Jakarta : $b Inter Publishing, $c 2009 =300 ##$$a iv, 76 hlm. : $b ilus. ; $c 25 cm. =650 ##$$a Candi-Indonesia =990 ##$$a 21402272